飲食店チェーン 店舗数 ランキング TOP30 - Statistics

General Stats
  • This quiz has been taken 715 times
  • The average score is 17 of 30
Answer Stats
順位 業種 店舗数 チェーン名 % Correct
1位 ファストフード 2,977 マクドナルド
98%
5位 ファストフード 1,301 モスバーガー
91%
6位 ファミレス 1,277 ガスト
90%
4位 カフェ・喫茶 1,892 Starbucks Coffee
85%
10位 ファミレス 1,049 サイゼリヤ
80%
7位 ファストフード 1,226 ケンタッキーフライドチキン
78%
23位 ラーメン・餃子 729 餃子の王将
78%
3位 和食系 1,952 すき家
75%
8位 和食系 1,212 吉野家
75%
12位 和食系 1,031 松屋
70%
11位 カフェ・喫茶 1,037 ドトールコーヒーショップ
68%
15位 スイーツ 1,018 ミスタードーナツ
66%
16位 カフェ・喫茶 954 珈琲所 コメダ珈琲店
65%
14位 スイーツ 1,021 サーティーワン
62%
30位 焼肉 545 牛角
62%
24位 和食系 638 スシロー
59%
17位 和食系 839 丸亀製麺
57%
25位 居酒屋 637 鳥貴族
52%
20位 カフェ・喫茶 777 タリーズコーヒー
50%
27位 和食系 594 はま寿司
50%
2位 ファストフード 2,441 ほっともっと
35%
26位 ファミレス 610 ジョイフル
34%
9位 洋食系 1,205 カレーハウス CoCo壱番屋
31%
28位 ファストフード 588 ピザハット
30%
13位 ファストフード 1,028 ドミノピザ
29%
21位 スイーツ 755 不二家
27%
29位 ラーメン・餃子 566 リンガーハット
26%
18位 スイーツ 796 シャトレーゼ
24%
22位 ファストフード 734 ほっかほっか亭
17%
19位 スイーツ 790 銀座コージーコーナー
14%
No matching quizzes found
Score Distribution
Percent of People with Each Score
Percentile by Number Answered
Your Score History
You have not taken this quiz